| 000 | 00727nam a2200241 i 4500 | ||
|---|---|---|---|
| 001 | 172703 | ||
| 003 | ES-MaACL | ||
| 005 | 20250710062736.0 | ||
| 007 | t| | ||
| 008 | 090827s1986 fr ||||1| fre d | ||
| 020 | _a2-13-039399-3 | ||
| 080 | _a946.015 | ||
| 100 | 1 |
_aAllières, Jacques. _9141195 |
|
| 245 | 1 | 4 |
_aLes basques / _cJacques Allières. |
| 250 | _a3e éd. mise à jour. | ||
| 260 |
_aParis : _bPresses Universitaires de France, _c1986. |
||
| 300 |
_a128 p. ; _c18 cm. |
||
| 490 | 1 |
_aQue sais-je ? ; _v1668 |
|
| 651 | 4 |
_aPaís Vasco- _xHistoria. _99152 |
|
| 830 | 0 | 0 |
_aQue sais-je? _v1668 _9180931 |
| 852 | 4 |
_aES-MaACL _jE-12975 _9R.139167 _z. - Biblioteca Jacinto Martínez Lacalle |
|
| 999 |
_c172703 _d172703 |
||